000 01097nam a2200313 4500
001 0000013669
003 CO-CtgCURN
005 20260202234355.0
007 ta
008 160627s1994 000 0 eng d
020 _a9583500305
040 _aCO-CtgCURN
_bspa
_ccoctgcurn
082 0 _a345.861
_bB87i
100 1 _aBustos Ramírez, Juan.
245 1 0 _aIntroducción al derecho penal /
_cJuan Bustos Ramírez.
250 _a2a. ed.
260 _aBogotá :
_bEditorial Temis,
_c1994.
300 _a239 p.
336 _2rdacontent
337 _2rdamedia
_asin mediacion
_bn
338 _2rdacarrier
_avolumen
_bnc
500 _aIncluye indices.
504 _aBibliografia (p. 209-224)
505 8 _aDerecho penal.--Norma penal. Sistema Juridico penal.--Teorias explicativas.--Precursores.--Racionalismo jusnaturalista al racionalismo positivista.--Ciencia de los valores.--Teleologismo.--Ciencia penal integrada
650 1 4 _aDerecho penal.
908 _a160627
942 _cBK
_h345.861
_iB87i
_2ddc
_n0
999 _c19276
_d19276